000 00279 a2200145 4500
001 175086
020 _a
040 _cMagnum
100 _aMálus
240 1 0 _aAsdrubal, o pinto
_lpor
245 1 0 _aAsdrubal, o pinto
362 0 _a1899
697 _aI/ANIMAIS
942 _cBK
999 _c175086
_d175086